000 00802nam0a22002411 4500
001 rc\2745599
005 20250529142855.0
035 _a(NLR Aleph) 006872669
090 _a6964206
_c6964206
100 _a20110915d1939 |||y0rusy50 ca
101 0 _arus
102 _aRU
105 _ay z |||||
200 1 _aМастера колхозного коневодства
_fС. Ибраимов, С. Ержанов
_gКазахск. науч.-исслед. ин-т экономики сельск. хозяйства
210 _aАлма-Ата
_cКазгосиздат
_d1939
215 _a26, [2] с.
_d20 см.
700 1 _aИбраимов
_bС.
701 1 _aЕржанов
_bС.
801 0 _aRU
_bNLR
_gpsbo
801 1 _aRU
_bELAR
_2rusmarc
852 _aNLR
_j39-10/7025
942 _cBOOK
980 _aNB